The sign and the seal : (Registro nro. 61926)

Detalles MARC
000 -LEADER
campo de control de longitud fija 02098cam a2200433 a 4500
001 - NÚMERO DE CONTROL
campo de control 24666650
003 - IDENTIFICADOR DE NÚMERO DE CONTROL
campo de control PE-LiUPU
005 - FECHA Y HORA DE LA ÚLTIMA TRANSACCIÓN
campo de control 20250731184611.0
008 - DATOS DE LONGITUD FIJA--INFORMACIÓN GENERAL
campo de control de longitud fija 911009s1992 nyuab b 001 0aeng
020 ## - NÚMERO INTERNACIONAL ESTÁNDAR DEL LIBRO
Número Internacional Estándar del Libro 0671865412
040 ## - FUENTE DE CATALOGACIÓN
Centro catalogador/agencia de origen DLC
Centro/agencia transcriptor EXN
Centro/agencia modificador PE-LiUPU
Lengua de catalogación spa
Normas de descripción rda
082 00 - NÚMERO DE LA CLASIFICACIÓN DECIMAL DEWEY
Número de clasificación 916.304
Número de edición 23
Cutter H234s
100 1# - ENTRADA PRINCIPAL--NOMBRE DE PERSONA
Nombre de persona Hancock, Graham.
Fechas asociadas al nombre 1950-
Término indicativo de función/relación Autor.
245 14 - MENCIÓN DEL TÍTULO
Título The sign and the seal :
Resto del título the quest for the lost Ark of the Covenant /
Mención de responsabilidad, etc. Graham Hancock.
250 ## - MENCION DE EDICION
Mención de edición Primera Edición.
264 ## - PRODUCCIÓN, PUBLICACIÓN, DISTRIBUCIÓN, FABRICACIÓN Y COPYRIGHT
Producción, publicación, distribución, fabricación y copyright New York :
Nombre del de productor, editor, distribuidor, fabricante A Toouchstone Book,
Fecha de producción, publicación, distribución, fabricación o copyright 1992.
300 ## - DESCRIPCIÓN FÍSICA
Extensión viii, 600 páginas :
Otras características físicas ilustraciones, mapas ;
Dimensiones 25 centímetros.
500 ## - NOTA GENERAL
Nota general En cubierta: "As readable as a first-class detective story..." The sign and the seal, discover the most shattering historiacal secret of the last three thousand years-the quest for the lost ark of the covenant.
504 ## - NOTA DE BIBLIOGRAFÍA, ETC.
Nota de bibliografía, etc. Incluye referencias bibliográficas páginas (517-288) e índice.
505 ## - NOTA DE CONTENIDO CON FORMATO
Nota de contenido con formato LEGEND: Initiation -- Disenchantment -- HOLY ARK AND HOLY GRAIL: The grail cipher -- A map to hidden treasure -- White knights, dark continent -- Resolving doubts -- A secret and never-ending quest -- LABYRINTH: Into Ethiopia -- Sacred lake -- Ghost in a maze -- and David danced before the ark...-- A MONSTROUS INSTRUMENT: Magic... or method? -- Treasures of darkness -- WHERE IN THE GLORY?: The glory is departed from Israel -- Hidden history -- Door of the Southern countries -- THE WASTE LAND: Supping with devils -- A treasure hard to attain.
526 ## - NOTA DE INFORMACIÓN SOBRE EL PROGRAMA DE ESTUDIO
Nombre del programa Doctorado En Educación Con Mención En Currículo Y Docencia (A Distancia)
526 ## - NOTA DE INFORMACIÓN SOBRE EL PROGRAMA DE ESTUDIO
Nombre del programa Doctorado En Educación Con Mención En Currículo Y Docencia (Semipresencial)
526 ## - NOTA DE INFORMACIÓN SOBRE EL PROGRAMA DE ESTUDIO
Nombre del programa Doctorado En Educación Con Mención En Gestión Educativa (A Distancia)
526 ## - NOTA DE INFORMACIÓN SOBRE EL PROGRAMA DE ESTUDIO
Nombre del programa Doctorado En Educación Con Mención En Gestión Educativa (Semipresencial)
526 ## - NOTA DE INFORMACIÓN SOBRE EL PROGRAMA DE ESTUDIO
Nombre del programa Derecho semipresencial
526 ## - NOTA DE INFORMACIÓN SOBRE EL PROGRAMA DE ESTUDIO
Nombre del programa Derecho presencial
526 ## - NOTA DE INFORMACIÓN SOBRE EL PROGRAMA DE ESTUDIO
Nombre del programa Maestría en teología histórica
526 ## - NOTA DE INFORMACIÓN SOBRE EL PROGRAMA DE ESTUDIO
Nombre del programa Teología
526 ## - NOTA DE INFORMACIÓN SOBRE EL PROGRAMA DE ESTUDIO
Nombre del programa Educación primaria
526 ## - NOTA DE INFORMACIÓN SOBRE EL PROGRAMA DE ESTUDIO
Nombre del programa Educación secundaria, especialidad lingüística e inglés
526 ## - NOTA DE INFORMACIÓN SOBRE EL PROGRAMA DE ESTUDIO
Nombre del programa Educación secundaria, especialidad ambiental, biología y química
526 ## - NOTA DE INFORMACIÓN SOBRE EL PROGRAMA DE ESTUDIO
Nombre del programa Arquitectura
600 10 - PUNTO DE ACCESO ADICIONAL DE MATERIA--NOMBRE DE PERSONA
Nombre de persona Hancock, Graham
Subdivisión general Viajes
Subdivisión geográfica Etiopía.
650 #0 - PUNTO DE ACCESO ADICIONAL DE MATERIA--TÉRMINO DE MATERIA
Término de materia o nombre geográfico como elemento de entrada Arca del pacto
Subdivisión general Miscelanea
9 (RLIN) 1653
651 #0 - PUNTO DE ACCESO ADICIONAL DE MATERIA--NOMBRE GEOGRÁFICO
Nombre geográfico Etiopía
Subdivisión general Descripciones y viajes
9 (RLIN) 1654
942 ## - ELEMENTOS DE ENTRADA SECUNDARIOS (KOHA)
Fuente del sistema de clasificación o colocación Clasificación Decimal Dewey
Tipo de ítem Koha Libros físicos
Suprimir en OPAC No
980 ## - EQUIVALENCIA O REFERENCIA-CRUZADA-MENCIÓN DE SERIE--NOMBRE DE PERSONA/TÍTULO [LOCAL, CANADÁ]
ID del usuario creador del registro 21515
Nombre del creador del registro DIGNA BRAÑES Analista Documental
ID del último usuario que modificó el registro 1
Nombre del último usuario que modificó el registro ALBERTO SANCHEZ Responsable de Automatización
Existencias
Visto por última vez Total de préstamos Signatura topográfica completa Código de barras Copia número Coste, precio de reemplazo Fecha de reemplazo Facultad Tipo de ítem Koha Nota pública Estado de pérdida Fuente del sistema de clasificación o colocación Restricciones de uso No para préstamo Colección Programa académico Biblioteca de origen Biblioteca actual Ubicación en estantería Fecha de adquisición Fuente de adquisición
2025-12-03   916.304 H234s 81551 e1 18.39 2023-07-13 Otro Libros físicos inventario-2023-12-13 No Perdido Clasificación Decimal Dewey No restringido Disponible para préstamos Colección General Otro Biblioteca CRAI UPeU Lima Biblioteca CRAI UPeU Lima Sala principal 2019-07-15 Donación